Sinners (2025) Soundtrack - Statistics

General Stats
  • This quiz has been taken 23 times
  • The average score is 9 of 22
Answer Stats
Artist Song Title % Correct
Miles Canton I Lied to You
89%
Jack O'Connell, Brian Dunphy, Darren Holden Rocky Road to Dublin
72%
Jayme Lawson Pale, Pale Moon
67%
Brittany Howard Pale, Pale Moon
67%
Jack O'Connell, Lola Kirke, Peter Dreams Pick Poor Robin Clean
61%
Little Mae "Geetchie" Wiley Pick Poor Robin Clean
61%
Alice Smith, Miles Last Time (I Seen the Sun)
50%
Miles Canton, DC6 Singers Collective, Pleasant Valley Youth Choir of New Orleans, Lynette Williams This Little Light of Mine
50%
Rod Wave Sinners
44%
Miles Canton Travelin'
44%
Buddy Guy Travelin'
44%
Hailee Steinfeld Dangerous
39%
Don Toliver, Ludwig Göransson Flames of Fortune
33%
Miles Canton I Lied to You (Radio Edit)
33%
Lola Kirke, Peter Dreams, Brian Dunphy,Darren Holden, Jack O'Connell Will Ye Go, Lassie Go?
33%
Bobby Rush, Miles Canton Juke
28%
James Blake, Ludwig Göransson Séance
28%
Cedric Burnside, Sharde Thomas-Malloy,Tierinii Jackson Wang Dang Doodle
28%
Jerry Cantrell, Ludwig Göransson In Moonlight
22%
Tierinii Jackson, Cedric Burnside Can't Win for Losin'
17%
Rhiannon Giddens, Justin Robinson Old Corn Liquor
17%
OG DAYV, Uncle James Troubled Waters / Homesick
17%
No matching quizzes found
Score Distribution
Percent of People with Each Score
Percentile by Number Answered
Your Score History
You have not taken this quiz